[Event "Medellin Cuartas Memorial B"]
[Site "Medellin"]
[Date "2011.08.05"]
[Round "3.24"]
[White "Montillo, Sebastian"]
[Black "Morales Rios, Yurani Andrea"]
[Result "1-0"]
[WhiteElo "1752"]
[BlackElo "1600"]
[PlyCount "51"]
[EventDate "2011.08.03"]
[EventType "swiss"]
[EventRounds "8"]
[EventCountry "COL"]
[SourceTitle "EXT 2024"]
[Source "ChessBase"]
[SourceDate "2023.10.10"]
[SourceVersion "1"]
[SourceVersionDate "2023.10.10"]
[SourceQuality "1"]

1. e4 e5 2. Nf3 Nc6 3. Bb5 a6 4. Ba4 Bc5 5. c3 Nf6 6. 0-0 Nxe4 7. d4 exd4 8. Re1 Qe7 9. Bxc6 dxc3 10. Rxe4 Qxe4 11. Bxe4 0-0 12. Nxc3 Re8 13. Qd3 g6 14. Bf4 d6 15. h4 Be6 16. Bxb7 Rab8 17. Qxa6 h5 18. Ne4 Re7 19. Bg5 f6 20. Nxc5 dxc5 21. Bxf6 Rbe8 22. Bxe7 Rxe7 23. Re1 Kf7 24. Ng5+ Kf6 25. Rxe6+ Kf5 26. Be4+ 1-0